000 00436nam a22001817a 4500
003 MPLRDC
005 20220104181325.0
008 210129b ||||| |||| 00| 0 eng d
082 _a524.954 ZAI-2 1992
100 _aZAINON S. AHMAD
245 _aHIKAYAT HANG TUAH STPM
_c
250 _a初版
260 _a
_bELMAN
_c1992
300 _b
490 _aKAJIAN SASTERA DAN SEJARAH
650 _a
942 _cBK
_o524.954 ZAI-2 1992
999 _c61379
_d61369